000 00413nam a2200169Ia 4500
008 230718s9999 xx 000 0 und d
041 _aeng
082 _a519.502
_bROS
100 _aRoss S.M.
_9114564
245 _aIntroductory Statistics
250 _a2nd ed.
260 _c2006
_bElsevier
300 _a809
365 _cRs.
_b450.00
700 _aRoss S.M.
_9114564
906 _dB:286015-Feb-2007
_cOTH
_b90
999 _c316018
_d316018